Tout les pays du monde de l'hémisphère sud. - Statistiques

Statistiques générales
  • Ce quiz a été pris 75 fois
  • Le résultat moyen est 37 sur 45
Statistiques - réponses
Indice Réponses % Correct
Amérique Argentine
97%
Océanie Australie
97%
Amérique Brésil
97%
Afrique Afrique du sud
94%
Océanie Nouvelle-Zélande
94%
Amérique Uruguay
93%
Amérique Pérou
92%
Amérique Chili
90%
Amérique Bolivie
89%
Afrique Madagascar
89%
Amérique Paraguay
89%
Amérique Colombie
87%
Afrique République démocratique du Congo
87%
Afrique Angola
86%
Afrique Eswatini
86%
Afrique Kenya
86%
Afrique Lesotho
86%
Afrique Zambie
86%
Amérique Équateur
85%
Afrique République du Congo
85%
Afrique Rwanda
85%
Afrique Zimbabwe
85%
Afrique Botswana
83%
Océanie Fidji
83%
Afrique Namibie
83%
Afrique Burundi
82%
Afrique Comores
82%
Asie Indonésie
82%
Afrique Seychelles
82%
Afrique Mozambique
80%
Afrique Ouganda
80%
Océanie Papouasie-Nouvelle-Guinée
80%
Afrique Malawi
79%
Afrique Maurice
77%
Océanie Nauru
77%
Afrique Tanzanie
77%
Océanie Tonga
77%
Océanie Vanuatu
77%
Océanie Samoa
76%
Océanie Tuvalu
75%
Afrique Gabon
73%
Océanie Salomon
66%
Asie Timor oriental
65%
Océanie Kiribati
63%
Afrique Somalie
59%
Aucun quiz correspondant
Distribution des résultats
% des personnes avec chaque résultat
Percentile par nombre de réponses
Votre historique - résultats
Vous n’avez pas pris ce quiz